José Abelardo Núñez o una lucha por la dignificación del maestro
Saved in:
| 主要作者: | |
|---|---|
| 格式: | 圖書 |
| 語言: | 西班牙语 |
| 出版: |
Santiago
Instituto de Chile. Academia Chilena de Ciencias Sociales
1981
|
| 叢編: | Educadores Chilenos de Ayer y de Hoy, 5
|
| 主題: | |
| 標簽: |
添加標簽
沒有標簽, 成為第一個標記此記錄!
|
MARC
| LEADER | 00000cam a2200000 a 4500 | ||
|---|---|---|---|
| 001 | UCF3080 | ||
| 003 | CL-VaPUC | ||
| 008 | 120927e19810000CL |||||||||||||||||spa|d | ||
| 082 | 0 | 4 | |a 923.783 |b MUN |2 21 |
| 100 | |a Munizaga Aguirre, Roberto |e autor |9 429824 | ||
| 245 | 1 | 0 | |a José Abelardo Núñez o una lucha por la dignificación del maestro |
| 246 | 1 | 0 | |a Amanda Labarca Hubertson o una lucha por la reforma de la educación y de la vida |
| 300 | |a 100 p | ||
| 942 | |c BK | ||
| 945 | |d 20120927 00:00:00 |a dcastane | ||
| 260 | |a Santiago |b Instituto de Chile. Academia Chilena de Ciencias Sociales |c 1981 | ||
| 650 | 0 | |a Biografías |9 255210 | |
| 650 | 7 | |a EDUCADORES CHILENOS |2 CL-VaPUC |9 517530 | |
| 650 | 0 | |a Profesores |9 308968 | |
| 583 | |a last modification |c 20120927 15:26:00 |k Rodrigo Vera | ||
| 490 | 0 | |a Educadores Chilenos de Ayer y de Hoy, 5 | |
| 999 | |c 349598 |d 349596 | ||
| 952 | |0 0 |1 0 |4 0 |6 923_783000000000000_MUN_1981 |7 0 |8 A |9 452277 |a BIBHIS |b BIBHIS |d 2019-11-22 |i 4885147 |o 923.783 MUN 1981 |p 4885147 |r 2025-01-20 |w 2019-11-22 |y BK |k HIS | ||